000 00732nam a22001937a 4500
005 20220701114143.0
008 s2533 th tha d
041 _atha
050 _aPL4209 ป257ข 2533
100 0 _aเปรมเสรี
245 1 0 _aขุนช้าง ขุนแผน ชุดวรรณคดีไทยร้อยแก้ว / เปรมเสรี [5th]
260 3 _aกรุงเทพฯ :
_bบำรุงสาส์น,
_c2533
300 _a631 หน้า ;
_b 21 ซม.
650 0 4 _aวรรณคดีไทย
850 _aNALT
942 _cGB
_02
997 _c000000000006644
998 _aNarumon Suwan
_j111
_k นางสาวพจพิณ พรมเอี่ยม
999 _c6644
_d6644